000 00855nmm a2200289 a 4500
003 AR-BaBNM
005 20251128204329.0
008 067019s1991 ||||||||||||||000 | spa||
020 _a950-777-005-4
040 _cAR-BaBNM
100 1 _aMandela, Nelson
_d1918-
245 1 0 _aIntensifiquemos la lucha
260 _aBuenos Aires
_bEdiciones Letra Buena
_c1991
300 0 _a110 p.
500 0 _aContiene: Indice de nombres y lugares: p. 106-110
500 0 _aReferencias bibliográficas en notas: p. 101-106
500 0 _aLa carta de la libertad: p. 96-106
500 0 _aANC: CONGRESO NACIONAL AFRICANO
650 4 _aRELACIONES RACIALES
650 4 _aDISCRIMINACION RACIAL
651 4 _aSudafrica
653 0 _aAPARTHEID
700 1 _aMcCartan, Greg
_eprologuista
700 1 _aMadrid, Luis
_eprologuista
942 _cBK
998 _cSILVI
999 _c7050
_d7050